Federated States of Micronesia Country Quiz - Statistics

General Stats
  • This quiz has been taken 21,774 times
    21,747 since last reset
  • The average score is 7 of 12
Answer Stats
Hint Answer % Correct
Official language English
95%
Country which invaded and captured the islands in 1914 Japan
92%
Country which administered the FSM from 1947–1986 United States
90%
The FSM has 607 of these Islands
89%
Country which colonized the FSM from 1574–1899 Spain
86%
Country which purchased the FSM from the above in 1899 Germany
76%
Capital city Palikir
60%
On the island of Yap, you can see many donut-shaped stone discs, some as large as 3.6 meters in diameter. What were these stones used as? Money
36%
Widely-scattered archipelago which spans FSM and Palau, named after Charles II of Spain {Caroline} Islands
27%
Most-spoken indigenous language {Chuuk}ese
25%
Largest island by area Pohnpei
25%
Most populous town Weno
25%
No matching quizzes found
Score Distribution
Percent of People with Each Score
Percentile by Number Answered
Your Score History
You have not taken this quiz since the last reset